快速急行が停車する駅サドンデス - Statistics

General Stats
  • This quiz has been taken 845 times
  • The average score is 3 of 30
Answers on the Grid
Answers color-coded by a green-red scale on the quiz's grid according to % correct below.
成増
志木
ふじみ野
若葉
練馬
ひばりヶ丘
西所沢
新桜台
小平
航空公園
入曽
拝島
登戸
開成
栗平
片瀬江ノ島
稲荷町(富山)
五百石
有峰口
本宮(富山)
川根温泉笹間渡
家山
門出
金谷
豊川稲荷
本宿
須ケ口
新木曽川
尾張横須賀
朝倉(愛知)
大野町
りんくう常滑
南加木屋
上ゲ
成岩
美浜緑苑
西春
石仏
扶桑
新可児
布施
石切
学園前
新大宮
五位堂
三本松
美旗
鳥羽
美加の台
紀見峠
極楽橋
和泉中央
守口市
石清水八幡宮
神宮丸太町
中之島
大阪梅田
武庫川
御影
高速神戸
 
Answer Stats
Answer % Correct
練馬
43%
登戸
42%
ひばりヶ丘
37%
若葉
25%
新大宮
21%
学園前
19%
五位堂
14%
鳥羽
14%
武庫川
13%
守口市
11%
栗平
10%
新木曽川
10%
中之島
9%
入曽
8%
須ケ口
8%
尾張横須賀
8%
極楽橋
8%
朝倉(愛知)
6%
西春
6%
南加木屋
5%
上ゲ
5%
美旗
5%
成岩
4%
扶桑
4%
金谷
3%
美浜緑苑
3%
美加の台
3%
家山
2%
五百石
1%
有峰口
1%
No matching quizzes found
Score Distribution
Percent of People with Each Score
Percentile by Number Answered
Your Score History
You have not taken this quiz